| 000 | 00600nam a2200205 u 4500 | ||
|---|---|---|---|
| 005 | 20210223132704.0 | ||
| 008 | 150806s1976 es r 000 0 spa d | ||
| 020 | _a8422505959 | ||
| 035 | _aUPN01000204885 | ||
| 049 | _aCG | ||
| 050 | 4 |
_aDA355 _bB4.4 |
|
| 100 | 1 |
_aBelloc, Hilaire, _d1870-1953 _937957 |
|
| 245 | 1 | 0 |
_aIsabel de Inglaterra / _cHilaire Belloc. |
| 260 |
_aMadrid : _bFerni-Genève, _c1976. |
||
| 300 |
_a236 p. : _bil. |
||
| 440 | 0 |
_aCírculo de amigos de la historia ; _v22 |
|
| 600 | 0 | 4 |
_aISABEL _bI, _cREINA DE INGLATERRA, _d1533-1603 _924268 |
| 905 | _aLibro | ||
| 999 |
_c176986 _d176986 |
||